Lietuvos metrika
| Titel: | Lietuvos metrika = Lithuanian metrica = Litovskaja metrika / Lietuvos Istorijos Institutas |
|---|---|
| Teil: |
251
Teismų bylų knyga = Księga spraw sądowych 37. (1555 - 1558) : (XVI a. pabaigos kopija) |
| Körperschaft: | |
| Veröffentlicht: | Vilnius : Mokslo ir Enciklopediju̜ leidykla, 2010 |
| Umfang: | XXXI, 311 Seiten : Illustrationen |
| Format: | Buch |
| Sprache: | Russisch |
| Schriftenreihe/ mehrbändiges Werk: |
Lietuvos metrika / Lietuvos Istorijos Institutas ; 251 : Teismų bylų knyga ; 37 alle Bände anzeigen
|
| ISBN: | 9789955847366 |
| Hinweise zum Inhalt: |
Inhaltsverzeichnis
|
alg: 27521881 001A $03004:22-09-11 001B $01999:09-06-23 $t19:29:07.000 001D $03004:22-09-11 001U $0utf8 001X $00 002@ $0Afu 002C $aText $btxt $2rdacontent 002D $aohne Hilfsmittel zu benutzen $bn $2rdamedia 002E $aBand $bnc $2rdacarrier 003@ $0275218813 004A $A978-9955-847-36-6 007A $0275218813 $aHEB 007G $0DE0202243C8A689145726C12579200028DFBD 007T $0Herdhh032171773+3251=Bd. 251 009P $qapplication/pdf $A2 $3Inhaltsverzeichnis $uhttp://scans.hebis.de/HEBCGI/show.pl?27521881_toc.pdf $mV:DE-603;B:DE-Mb50 010@ $arus 011@ $a2010 021A $a(1555 - 1558) $d(XVI a. pabaigos kopija) 029F $RInstitut istorii $RLietuvos Mokslu̜ Akademija $#Institutum Historicum Lituanum $#Istorijos Institutas Vilnius $#Lietuvos Mokslu̜ Akademija, Lietuvos Istorijos Institutas $#Lietuvos Mokslu̜ Akademija, Istorijos Institutas $#Lietuviu̜ Istorijos Institutas $#Lietuvos Mokslu̜ Akademija, Lietuviu̜ Istorijos Institutas $#Institute of Lithuanian History Vilnius $#Lietuvos Mokslu̜ Akademija, Institute of Lithuanian History $#Institut Istorii Litvy $#Lietuvos Mokslu̜ Akademija, Institut Istorii Litvy $#Lithuanian Institute of History Vilnius $#LLI $#Институт истории Литвы $73015195-8 $8Lietuvos Istorijos Institutas [Tb1] $9044065353 033A $pVilnius $nMokslo ir Enciklopediju̜ leidykla 034D $aXXXI, 311 Seiten 034M $aIllustrationen 036C $a@Lietuvos metrika $fLithuanian metrica $fLitovskaja metrika $x3251 $hLietuvos Istorijos Institutas $l251 036C/01 $aTeismų bylų knyga $fKsięga spraw sądowych $fCourt record book $fKniga sudnych del $l37 036D $x3251 $8Lietuvos metrika / Lietuvos Istorijos Institutas $9032171773 045F $a900.947930903 $eDDC23BSB 045F/01 $a900 045F/03 $f0903 045F/03 $f09041 045F/03 $g4793 045F/03 $g4382 045F/03 $g43832 045G $a340.09 $eDDC23BSB 045G/01 $a340.09 045G/03 $f0903 045G/03 $f09041 045G/03 $g4793 046L $aIn kyrillischer Schrift, russisch. - Zusammenfassung in litauischer und englischer Sprache lok: 27521881 24 101B $022-09-11 $t12:23:14.000 101C $022-09-11 101U $0utf8 145Z/01 $a45 5 E 145Z/02 $a45 12 F exp: 27521881 24 1 #EPN 201B/01 $022-09-11 $t12:03:29.000 201C/01 $022-09-11 201U/01 $0utf8 203@/01 $0630014388 208@/01 $a22-09-11 $bz 209A/01 $a11.07042 $du $f050 $h11 07042 $x00 209C/01 $a11.07042 K $h11 07042 K 209G/01 $a72909917 $x00 220C/01 $amar 247C/01 $8358050-7Marburg, Bibliothek des Herder-Instituts Marburg $9102600961 lok: 27521881 78 exp: 27521881 78 1 #EPN 201B/01 $019-04-17 $t16:16:39.000 201U/01 $0utf8 203@/01 $0792654595 208@/01 $a12-11-16 $be 209A/01 $a/ $f000 $x00 237A/01 $aIn kyrill. Schr., russ. - weiterführende Signatur(en): Herder-Institut: 11.07042 244Z/01 $2Trx $#Litauen $#Lithuania $#Litwa $#Litva $#Litva $8--Trx--Lietuva $x01 $9391193457 244Z/01 $2Trx $#Prusy Wschodnie i Zachodnie $8--Trx--Ost- und Westpreußen $x02 $939113373X 245Z/01 $a03.03.01 $x01 247C/01 $82080>Marburg/Lahn, Herder-Institut, Forschungsbibliothek, Bibliographieportal $9336309341
| LEADER | 00000cam a2200000 cc4500 | ||
|---|---|---|---|
| 001 | 275218813 | ||
| 003 | DE-603 | ||
| 005 | 20230609192907.0 | ||
| 007 | tu | ||
| 008 | 110922s2010 xx |||| | u00||u|rus c | ||
| 020 | |a 9789955847366 | ||
| 035 | |a (DE-599)HEB275218813 | ||
| 040 | |a DE-603 |b ger |c DE-603 |d DE-603 | ||
| 041 | |a rus | ||
| 082 | 0 | 4 | |8 1\u |a 900.947930903 |q DE-101 |2 23/BSB |
| 083 | 0 | |8 2\u |a 340.09 |q DE-101 |2 23/BSB | |
| 085 | |8 1\u |b 900 | ||
| 085 | |8 1\u |z 1 |s 0903 | ||
| 085 | |8 1\u |z 1 |s 09041 | ||
| 085 | |8 1\u |z 2 |s 4793 | ||
| 085 | |8 1\u |z 2 |s 4382 | ||
| 085 | |8 1\u |z 2 |s 43832 | ||
| 085 | |8 2\u |b 340.09 | ||
| 085 | |8 2\u |z 1 |s 0903 | ||
| 085 | |8 2\u |z 1 |s 09041 | ||
| 085 | |8 2\u |z 2 |s 4793 | ||
| 245 | 0 | 0 | |a Lietuvos metrika |b = Lithuanian metrica = Litovskaja metrika |n 251 |n [...] |p Teismų bylų knyga = Księga spraw sądowych |n 37 |p (1555 - 1558) : (XVI a. pabaigos kopija) |c Lietuvos Istorijos Institutas |
| 264 | 1 | |a Vilnius |b Mokslo ir Enciklopediju̜ leidykla |c 2010 | |
| 300 | |a XXXI, 311 Seiten |b Illustrationen | ||
| 336 | |a Text |b txt |2 rdacontent | ||
| 337 | |a ohne Hilfsmittel zu benutzen |b n |2 rdamedia | ||
| 338 | |a Band |b nc |2 rdacarrier | ||
| 546 | |a In kyrillischer Schrift, russisch. - Zusammenfassung in litauischer und englischer Sprache | ||
| 710 | 2 | |a Lietuvos Istorijos Institutas |0 (DE-603)044065353 |0 (DE-588)3015195-8 |2 gnd | |
| 773 | 0 | 8 | |q 3251 |w (DE-603)032171773 |
| 856 | 4 | 2 | |m V:DE-603;B:DE-Mb50 |q application/pdf |u http://scans.hebis.de/HEBCGI/show.pl?27521881_toc.pdf |3 Inhaltsverzeichnis |
| 924 | 0 | |9 Mb 50 |a (DE-603)630014388 |b DE-Mb50 |c HES |d c |g 11.07042 | |
| 924 | 0 | |9 2080 |a (DE-603)792654595 |b DE-2080 |c HES |d d |g / | |
alle Bände anzeigen

